000 06591namaa22004451i 4500
003 EG-GICUC
005 20260414150413.0
008 260414s2025 ua a|||frm||| 000 0 eng d
040 _aEG-GICUC
_beng
_cEG-GICUC
_dEG-GICUC
_erda
041 0 _aeng
_beng
_bara
049 _aDeposit
082 0 4 _a612.015
092 _a612.015
_221
097 _aM.Sc
099 _aCai01.12.02.M.Sc.2025.He.E
100 0 _aHend Elsaid Adel Ammar,
_epreparation.
245 1 0 _aEffect of daily energy drinks on kidney and heart tissues of healthy wistar rats /
_cby Hend Elsaid Adel Ammar ; Supervision Prof. Dr. Mohamed Ali EL-Desouky, Dr. Demiana Badry Helmy, Dr. Heba Ali Abd El- Rahman.
246 1 5 _aتأثير تناول مشروبات الطاقة اليومي علي أنسجة القلب والكلي لجرذان ويستار السليمة
264 0 _c2025.
300 _a120 pages :
_billustrations ;
_c25 cm. +
_eCD.
336 _atext
_2rda content
337 _aUnmediated
_2rdamedia
338 _avolume
_2rdacarrier
502 _aThesis (M.Sc)-Cairo University, 2025.
504 _aBibliography: pages 102-120.
520 3 _aBackground: Energy drinks have become increasingly common among individuals of all ages during physical activity, attributed to a rise in their consumption rate. The purpose of this study was to ascertain the impact of energy drinks on kidney and heart tissues of healthy wistar rats and their by evaluate the oxidative stress and antioxidant activity, evaluate the histopathological examination and determine the degree of DNA degradation in kidney tissues, determine kidney and heart function tests. Material & Methods: Eighteen female rats were split up randomly into three groups, with six animals in each group: The first group (control group), in which distilled water was given . The second group (low dose group) in which the female rats obtained 5mL/kg body weight of energy drinks. The third group (high dose group) in which the rats obtained 10 mL/kg body weight of energy drinks. The dosage was administrated daily for 28 days Results: There was a significant decreased SOD, GSH and CAT in the kidney and heart tissues of both treated groups compared to the control group (p-value < 0.05). The treated groups showed significant increases in MDA levels, For biochemical analysis significant increase of serum Creatinine, uric acid.CK, CK-MB and IL-6 values in kidney and heart tissues (p<0.05). There was a significant increase of comet percent, tail length, percent DNA in tail and tail moment of the both treated groups compared with the control group(p<0.05). Histopathological change in kidney and heart tissues take place as pyknosis, inflammation and injured cardiac muscle fibers. Conclusion: This study's main goal was evaluating how energy drinks affect the kidney and heart tissues of female Wistar rats. The final results showed that regular energy drink consumption causes kidney and heart injury in addition to other negative effects. Additionally, it was determined that energy drinks have dose-dependent effects. So, it is recommended to avoid drinking them.
520 3 _aالخلفية: يزداد تناول جميع أنواع المشروبات مع ظهور الحياة الحديثة ، لكن تناول مشروبات الطاقة يزداد أكثر بكثير من أي مشروبات أخرى. أصبحت مشروبات الطاقة شائعة بشكل متزايد بين الأفراد من جميع الأعمار وخاصة المراهقين والشباب والأطفال لأنهم يعتقدون أنها تزيد من القوة البدنية وفقدان التعب وتقلل من الحاجة إلى النوم وتحفز الاستجابة بشكل أسرع هدفت هذه الدراسة إلى تحديد تأثير مشروبات الطاقة على أنسجة الكلى والقلب لدى الجرذان من خلال تقييم الإجهاد التأكسدي والنشاط المضاد للأكسدة، وتقييم الفحص النسيجي المرضي، وتحديد درجة تدهور الحمض النووي في أنسجة الكلى والقلب للجرذان ، وتحديد اختبارات وظائف الكلى والقلب. المواد والطرق: تم تقسيم ثمانية عشر من إناث الفئران البيضاء ويستار عشوائيًا إلى ثلاث مجموعات، بواقع ستة حيوانات في كل مجموعة: المجموعة الأولى (مجموعة التحكم)، حيث تم إعطاء ماء مقطر عبر أنبوب التغذية. المجموعة الثانية (مجموعة الجرعة المنخفضة) التي حصلت فيها الجرذان على 5 مل/كغ من وزن الجسم من مشروبات الطاقة. المجموعة الثالثة (مجموعة الجرعة العالية) التي حصلت فيها الجرذان على 10 مل/كغ من وزن الجسم من مشروبات الطاقة. تم إعطاء الجرعة يوميًا لمدة 28 يوما النتائج: خلصت هذه الدراسة إلى أن استهلاك مشروبات الطاقة له آثار جانبية ويشكل مخاطر صحية كبيرة عند الإفراط في تناوله . كان استهلاك مشروبات الطاقة ضارا بإناث الفئران لأنه يسبب زيادة في تجزئة الحمض النووي ، وزيادة مستوى MDA والكرياتينين في الدم واليوريا وحمض اليوريك والإنترلوكين -6 ، كما أنه يسبب انخفاضا في مستويات GSH و CAT وSOD الخاتمة: قد يكون لاستهلاك مشروبات تأثيرات سلبية علي الجرذان. لذا، يجب عدم تناول مشروبات الطاقة لتجنب الآثار الجانبية السلبية.
530 _aIssues also as CD.
546 _aText in English and abstract in Arabic & English.
650 0 _aBiochemistry
650 0 _aالكيمياء الحيوية
653 1 _aEnergy drinks
_aKidney
_aHeart
_aDNA damage
_aمشروبات الطاقة
_aالكلى
700 0 _aMohamed Ali EL-Desouky
_ethesis advisor.
700 0 _aDemiana Badry Helmy
_ethesis advisor.
700 0 _aHeba Ali Abd El- Rahman
_ethesis advisor.
900 _b01-01-2025
_cMohamed Ali EL-Desouky
_cDemiana Badry Helmy
_cHeba Ali Abd El- Rahman
_UCairo University
_FFaculty of Science
_DDepartment of Chemistry
905 _aShimaa
942 _2ddc
_cTH
_e21
_n0
999 _c179486